000
00326nam a22001457a 4500
003
SGT
020
_a
978-81-312-1710-8
082
_a
615
_b
S09D
100
_a
DHIKAV, VIKAS
245
_a
SMART STUDY SERIES: PHARMACOLOGY
260
_a
GURGAON
_b
ELSEVIER
_c
2009
300
_a
477
650
_a
PHARMACOLOGY
942
_2
ddc
_c
BK
_0
4
999
_c
10067
_d
10067